000 00643nam a22002177a 4500
003 UA-OsUOA
001 60694
007 ta
008 20090601b un ||||| |||| 00| 0 ukr d
100 _aПрилипко Ю.І.
090 _a330(477)
_bП76
942 _cSA
040 _aUA-OsUOA
_bukr
_cUA-OsUOA
_dUA-OsUOA
245 _aМодифікації фінансового методу оцінки тіньової економіки
300 _aС.4-9
955 _a0
041 _aukr
080 _a330(477)
773 0 _w60693
_tСтатистика України
_dК.
_d2009
_g1
650 7 _a330 Економіка взагалі
_2UDC
999 _c346583
_d346583